| 000 | 00446nam a22001817a 4500 | ||
|---|---|---|---|
| 003 | OSt | ||
| 005 | 20231015111524.0 | ||
| 008 | 231015b |||||||| |||| 00| 0 eng d | ||
| 022 | _29780471749424 | ||
| 040 | _aSEKU | ||
| 050 |
_aTK 7872 _b.Z84 |
||
| 100 | _aZverey I. Anatol | ||
| 245 | _aHandbook of filter Synthesis | ||
| 260 |
_aCanada: _cWiley Interscience, _b2005. |
||
| 300 | _a571p.: | ||
| 650 |
_aElectric _xFilter |
||
| 942 |
_2lcc _cGEN |
||
| 999 |
_c18370 _d18370 |
||